| 000 | 00999 a2200217 4500 | ||
|---|---|---|---|
| 001 | 60357 | ||
| 005 | 20260407155854.0 | ||
| 008 | 260407a1979 arg spa d | ||
| 003 | AR-UNSa-BCEJYS | ||
| 040 |
_aAR-UNSa-BCEJYS _bspa _cAR-UNSa-BCEJYS |
||
| 080 |
_a334.73 _xCooperativas |
||
| 245 | 1 | 0 |
_aGestión y contabilidad de cooperativas agrarias _pAdaptada al nuevo reglamento y al plan general de contabilidad |
| 020 | _a978-84-7114-086-9 | ||
| 264 | 1 |
_aMadrid : _bEdiciones Mundi-Prensa _c1979 |
|
| 300 |
_a277 p. _c21 cm. |
||
| 505 | _a1. Introducción – 2. Decisiones empresariales – 3. Objetivos y estrategias 4. Planificación de la empresa cooperativa – 5. Cooperativa lechera – 6. Bodega cooperativa – 7. Cooperativas hortofrutícolas – 8. Informática y contabilidad matricial – 9. Proyecto de un centro de gestión para cooperativas de una misma actividad - | ||
| 041 | _aspa | ||
| 942 | _cBK | ||
| 590 | _aniveau_biblio:m niveau_hierar:0 | ||
| 100 | 1 | _aCaballer, Vicente | |
| 999 |
_c6927 _d6927 |
||